Nezabudnime na Jána Harantu!

Bibliographic Details
Main Author: Maršálek, Ján, 1965- (Author)
Format: Article
Language:Slovak
Subjects:

MARC

LEADER 00000nab a2200000 a 4500
001 vtls000394644
003 SK-MaSNL
005 20260302232305.0
008 160215c1990 xo 0 slo
015 |a SNBRB19rr/mm-uuuuu 
035 |a CL0394768 
040 |a SNKBUCL  |b slo  |c SNKBUCL  |e AACR2 
041 0 |a slo 
044 |a xo  |c SK 
080 |a 282  |2 1981 
080 |a 82  |2 1981 
080 |a 929  |2 1981 
080 |a 885.4  |2 1981 
080 |a 929 Haranta, Ján  |2 1981 
100 1 |a Maršálek, Ján,  |d 1965-  |4 aut  |9 13245 
245 1 0 |a Nezabudnime na Jána Harantu!  |c Ján Maršálek ; Ján Haranta 
600 1 7 |a Haranta, Ján,  |d 1909-1983  |2 snkbucl  |9 117953 
655 7 |a články z novín a časopisov  |2 snkbucl  |9 267496 
773 0 |t Katolícke noviny  |g Roč. 141, č. 35 (1990), s. 8 
850 |a Slovenská národná knižnica v Martine  |a MTA001 
852 |a SNK  |b KIS3GCP 
958 |a BX 
958 |a RK 
992 |a RBX 
999 |c 1542292  |d 1544222